00908nam a22002537a 450000500170000000800410001702000250005804000280008305000090011110000210012024500790014125000190022026400580023930000460029733600210034333700250036433800230038950000200041265000160043290600450044894200150049399900150050895201310052320240627093850.0240627b |||||||| |||| 00| 0 eng d a9781506361161 (pbk.) aDLCbengcDLCerdadKMU00aHA291 aSalkind, Neil J.10aStatistics for people who (think they) hate statistics /cNeil J. Salkind. aSixth edition. 1aThousand Oaks, CA :bSAGE Publications, Inc.,c[2017] axxix, 519 pages :billustrations ;c25 cm atext2rdacontent aunmediated2rdamedia avolume2rdacarrier aIncludes index. 0aStatistics. a7bcbccorignewd1eecipf20gy-gencatlg 2lcccBKn0 c1336d1336 00102lcc40708NFICaCPLbCPLcOAd2024-06-27eZLSl1m2oHA 29 Salp300795r2024-08-15 00:00:00s2024-07-17w2024-06-27yBK